000 01771cam a2200469 4500
001 21315
003 VRT
005 20260226124512.0
008 201022s2010 xo f ar 000 p slo
015 _aSNBA2019/10
020 _a9788081091292
_q(viazané)
039 9 _a202010221344
_bVLOAD
_c201910150913
_dmsnk161
_c201910091530
_dmsnk04
_c201801250844
_dmvkhe14
040 _aZKSE
_bslo
_cZKSE
_dKURUK
_dSNK
_erda
041 1 _aslo
_hrus
044 _axo
_cSK
072 7 _a821-93
_xLiteratúra pre deti a mládež (beletria)
_2konspekt
072 7 _a821.161.1
_xRuská literatúra
_2konspekt
080 _a(0:82-193)
_22011
080 _a(0.025.2)
_22011
080 _a821.161.1-1
_22011
100 1 _aAlexandrovová, Z.
_4aut
240 1 0 _aMoj Miška
_lslovensky
245 1 0 _aMôj Macík
_hgrafika
_cZ. Aleksandrovová ; podľa ruského originálu prebásnila Mária Rázusová-Martáková
264 1 _aBratislavva
_bEastone Books
_c2010
300 _a10 nečíslovaných strán
_bilustrované listy
_c23 cm
336 _atext
_btxt
_2rdacontent
336 _astatický obraz
_bsti
_2rdacontent
337 _abez média
_bn
_2rdamedia
338 _azväzok
_bnc
_2rdacarrier
500 _aKartónové listy
655 7 _aleporelá
_2SNKPH
655 7 _ariekanky
_2SNKPH
655 7 _aNursery rhymes
_2SNKPHeng
655 7 _aPicture books for children
_2SNKPHeng
655 7 _aruská poézia
_2SNKPH
655 7 _aRussian poetry
_2SNKPHeng
700 1 _aRázusová-Martáková, Mária,
_d1905-1964
_4aut
942 _2ddc
_cKLDE
_n0
949 _63830001068075
_akurukT13/ALEK1-1
_bkuruk2012/F10524
_oG2012/Martinus/1144961941/PF-doktorandi
949 _617A1390174
_asnkOSC 18905
_bsnk2019/25548
_o1721/19
949 _617A1390175
_asnkOSC 18905 D1
_bsnk2019/25549
_o1721/19
999 _c21315
_d21315